Vicious - Sabrina Carpenter - Statistics

General Stats
  • This quiz has been taken 61 times
  • The average score is 214 of 253
Answer Stats
Hint Answer % Correct
you
100%
Bridge | Verse 2 You
100%
you,
100%
Love
97%
love
97%
vicious
97%
vicious?
97%
a
95%
be
95%
I
95%
me,
95%
me
95%
an
92%
didn't
92%
it
92%
pretend
92%
so
92%
so,
92%
the
92%
then
92%
Why
92%
your
92%
You're
92%
you're
92%
And
89%
and
89%
gotta
89%
I'm
89%
Chorus | Outro | Post-Chorus Oh,
89%
oh
89%
to
89%
To
89%
(No)
87%
no
87%
was
87%
But
84%
but
84%
heart
84%
in
84%
is
84%
like,
84%
like
84%
my
84%
Verse 1 One
84%
one
84%
best
82%
wreck
82%
acting
79%
can't
79%
'Cause
79%
could
79%
died
79%
don't
79%
for
79%
if
79%
If
79%
image
79%
just
79%
life
79%
moments
79%
of
79%
Pre-Chorus Said
79%
ten
79%
that
79%
there
79%
thousand
79%
When
79%
wish
79%
as
76%
bad
76%
her
76%
kinda
76%
loved
76%
think
76%
year,
76%
caused
74%
commotion
74%
feel
74%
fuck
74%
listenin'
74%
next
74%
Now
74%
out
74%
resist
74%
somewhere
74%
take
74%
up
74%
woman
74%
worst
74%
would
74%
all
71%
certain
71%
hurt
71%
only
71%
person
71%
private
71%
promise
71%
type
71%
dressed
68%
emotion
68%
known
68%
lucky
68%
run
68%
songs
68%
use
68%
whoever
68%
along,
66%
angel
66%
burden
66%
Crush
66%
different
66%
effects
66%
Half
66%
heated
66%
probably
66%
smart,
66%
winnin'
66%
wordin'
66%
intuition
63%
look
63%
quietly
63%
remorse,
63%
shit,
63%
everyone
61%
I've
61%
thinks
61%
tried
61%
Who's
61%
carried
58%
insecure,
58%
neglects
53%
shoulda
45%
No matching quizzes found
Score Distribution
Percent of People with Each Score
Percentile by Number Answered
Your Score History
You have not taken this quiz